[Event "SWE-chT 1617"]
[Site "Sweden"]
[Date "2017.03.04"]
[Round "6.1"]
[White "Berggren Torell, Harald"]
[Black "Silwer, Martin"]
[Result "1-0"]
[WhiteElo "2128"]
[BlackElo "1957"]
[PlyCount "75"]
[EventDate "2016.10.14"]
[EventType "team-tourn"]
[EventRounds "9"]
[EventCountry "SWE"]
[SourceTitle "CBM 177 Extra"]
[Source "ChessBase"]
[SourceDate "2017.04.27"]
[SourceVersion "1"]
[SourceVersionDate "2017.04.27"]
[SourceQuality "1"]
[WhiteTeam "Manhem"]
[BlackTeam "Malmo"]
[WhiteTeamCountry "SWE"]
[BlackTeamCountry "SWE"]

1. e4 e6 2. d4 d5 3. Nc3 dxe4 4. Nxe4 Bd7 5. Nf3 Bc6 6. Bd3 Nd7 7. c3 h6 8. Bf4 Ngf6 9. Nxf6+ Nxf6 10. Ne5 Bxg2 11. Rg1 Be4 12. Bxe4 Nxe4 13. Qf3 Nd6 14. c4 c6 15. 0-0-0 Qf6 16. c5 Nb5 17. Qe4 g5 18. Bg3 Qf5 19. Qxf5 exf5 20. Rge1 Be7 21. a4 f4 22. axb5 cxb5 23. Re2 Kf8 24. Nd7+ Ke8 25. Bxf4 Kxd7 26. Be5 f6 27. Bg3 Rhe8 28. Rc2 Rac8 29. b4 h5 30. f4 h4 31. Bf2 Red8 32. d5 a6 33. Bd4 f5 34. d6 Bf8 35. fxg5 b6 36. Bf6 Re8 37. c6+ Rxc6 38. Rxc6 1-0